01187nam a2200289 a 450000100060000000300080000600500170001400800410003102000150007203500190008704000340010604100080014008200240014810000410017224501770021326000370039030000270042749000600045450400450051465000350055965000470059470000350064183000680067694200120074499900170075695201240077346949BD-RjUL20211209054233.0160806s1969 xxk b u001 eng  a0521073413 a(BD-RjUL)47068 aNUWS:WbengcBD-RjULdBD-RjUL aeng00a370.1223bSMM 19691 aArnold, Matthew,d1822-1888.914300910aMatthew Arnold and the education of the new order :ba selection of Arnold's writings on education /cWith an introduction and notes by Peter Smith and Geoffrey Summerfield aLondon :bCambridge U.P.,c1969. aviii, 260 p. ;c19 cm.0 aCambridge texts and studies in the history of education aIncludes index and Bibliography: p. 257. 0aEducationxPhilosophy.9117134 0aEducationzGreat BritainxHistory.91333571 aSummerfield, Geoffrey.9143010 0aCambridge texts and studies in the history of education9143012 2ddccBK c46949d46949 00102ddc40708NFICaRUCLbRUCLcStackd1970-02-10eZeitl0o370.1 SMM 1969r2016-08-06 00:00:00tC-2w2016-08-06yBK